| 000 | 01245nam a2200325 a 4500 | ||
|---|---|---|---|
| 001 | 3949 | ||
| 003 | BD-RjUL | ||
| 005 | 20211208233816.0 | ||
| 008 | 131221s1985 cou b 001 0 eng | ||
| 020 | _a081337037X (pbk.) | ||
| 035 | _a(BD-RjUL)3983 | ||
| 040 |
_aDLC _cDLC _dDLC _dBD-RjUL _beng |
||
| 041 | _aeng | ||
| 082 | 0 | 0 |
_a333.793 _219 _bRAB 1985 |
| 100 | 1 |
_aRamsay, William, _d1930- _912577 |
|
| 245 | 1 | 0 |
_aBioenergy and economic development : _bplanning for biomass energy programs in the Third World / _cWilliam Ramsay. |
| 260 |
_aBoulder : _bWestview Press, _c1985. |
||
| 300 |
_axvi, 291 p ; _c23 cm. |
||
| 500 | _a"Published in cooperation with the Center for Strategic and International Studies, Georgetown University." | ||
| 504 | _aBibliography: p. 255-279. | ||
| 504 | _aIncludes index. | ||
| 650 | 0 |
_aBiomass energy _xEconomic aspects _zDeveloping countries. _912579 |
|
| 650 | 0 |
_aEnergy development _zDeveloping countries. _912580 |
|
| 650 | 0 |
_aFuel _zDeveloping countries. _912581 |
|
| 710 | 2 |
_aGeorgetown University. _bCenter for Strategic and International Studies. _912582 |
|
| 942 |
_2ddc _cBK |
||
| 999 |
_c3949 _d3949 |
||